Normal view
MARC view
Entry Topical Term
001 - CONTROL NUMBER
- control field: 36412
003 - CONTROL NUMBER IDENTIFIER
- control field: ARRUPE
005 - DATE AND TIME OF LATEST TRANSACTION
- control field: 20170927121609.0
008 - FIXED-LENGTH DATA ELEMENTS
- fixed length control field: 170927|| aca||aabn | a|a d
040 ## - CATALOGING SOURCE
- Original cataloging agency: ARRUPE
- Transcribing agency: ARRUPE
150 ## - HEADING--TOPICAL TERM
- Topical term or geographic name as entry element: Social evolution
- General subdivision: History.
670 ## - SOURCE DATA FOUND
- Source citation: Work cat.: (ARRUPE)16711: Stocking, George W., Jr. (George Ward), 1928-2013. 36410, Victorian anthropology /, c1987.